<?xml version="1.0" encoding="UTF-8"?>
<record
    xmlns:xsi="http://www.w3.org/2001/XMLSchema-instance"
    xsi:schemaLocation="http://www.loc.gov/MARC21/slim http://www.loc.gov/standards/marcxml/schema/MARC21slim.xsd"
    xmlns="http://www.loc.gov/MARC21/slim">

  <leader>00237nam a22001097a 4500</leader>
  <datafield tag="040" ind1=" " ind2=" ">
    <subfield code="c">sy</subfield>
  </datafield>
  <datafield tag="082" ind1=" " ind2=" ">
    <subfield code="a">330</subfield>
  </datafield>
  <datafield tag="100" ind1=" " ind2=" ">
    <subfield code="a">&#x17A2;&#x1794;&#x17CB;&#x179A;&#x17C6;</subfield>
  </datafield>
  <datafield tag="245" ind1=" " ind2=" ">
    <subfield code="a">&#x1797;&#x17BC;&#x1798;&#x17B7;&#x179C;&#x1791;&#x17D2;&#x1799;&#x17B6;</subfield>
  </datafield>
  <datafield tag="260" ind1=" " ind2=" ">
    <subfield code="a">Phnom Penh</subfield>
    <subfield code="b">&#x17A2;&#x1794;&#x17CB;&#x179A;&#x17C6;</subfield>
    <subfield code="c">1987</subfield>
  </datafield>
  <datafield tag="942" ind1=" " ind2=" ">
    <subfield code="c">KB</subfield>
  </datafield>
  <datafield tag="999" ind1=" " ind2=" ">
    <subfield code="c">8510</subfield>
    <subfield code="d">8510</subfield>
  </datafield>
  <datafield tag="952" ind1=" " ind2=" ">
    <subfield code="0">0</subfield>
    <subfield code="1">0</subfield>
    <subfield code="4">0</subfield>
    <subfield code="6">330_000000000000000_&#x17A2;&#x1794;&#x179A;&#x17C6;_1987_C186_OR_1</subfield>
    <subfield code="7">0</subfield>
    <subfield code="9">48625</subfield>
    <subfield code="a">LBC</subfield>
    <subfield code="b">LBC</subfield>
    <subfield code="c">C186</subfield>
    <subfield code="d">2016-08-03</subfield>
    <subfield code="o">330 &#x17A2;&#x1794;&#x17CB;&#x179A;&#x17C6; 1987 C186 Or.1</subfield>
    <subfield code="p">RUA036473</subfield>
    <subfield code="r">2016-08-03</subfield>
    <subfield code="y">KB</subfield>
  </datafield>
  <datafield tag="952" ind1=" " ind2=" ">
    <subfield code="0">0</subfield>
    <subfield code="1">0</subfield>
    <subfield code="4">0</subfield>
    <subfield code="6">330_000000000000000_&#x17A2;&#x1794;&#x179A;&#x17C6;_1987_C186_OR_2</subfield>
    <subfield code="7">0</subfield>
    <subfield code="9">48626</subfield>
    <subfield code="a">LBC</subfield>
    <subfield code="b">LBC</subfield>
    <subfield code="c">C186</subfield>
    <subfield code="d">2016-08-03</subfield>
    <subfield code="o">330 &#x17A2;&#x1794;&#x17CB;&#x179A;&#x17C6; 1987 C186 Or.2</subfield>
    <subfield code="p">RUA036533</subfield>
    <subfield code="r">2016-08-03</subfield>
    <subfield code="y">KB</subfield>
  </datafield>
  <datafield tag="952" ind1=" " ind2=" ">
    <subfield code="0">0</subfield>
    <subfield code="1">0</subfield>
    <subfield code="4">0</subfield>
    <subfield code="6">330_000000000000000_&#x17A2;&#x1794;&#x179A;&#x17C6;_1987_C186_OR_3</subfield>
    <subfield code="7">0</subfield>
    <subfield code="9">48627</subfield>
    <subfield code="a">LBC</subfield>
    <subfield code="b">LBC</subfield>
    <subfield code="c">C186</subfield>
    <subfield code="d">2016-08-03</subfield>
    <subfield code="o">330 &#x17A2;&#x1794;&#x17CB;&#x179A;&#x17C6; 1987 C186 Or.3</subfield>
    <subfield code="p">RUA037341</subfield>
    <subfield code="r">2016-08-03</subfield>
    <subfield code="y">KB</subfield>
  </datafield>
</record>
